000 00654nam a2200241Ia 4500
005 20260430150104.0
008 008 250103s9999 xx 000 0 eng d
037 _aTheses
040 _aCRL
040 _beng
040 _ceng
041 _2eng
041 _aeng
084 _qCRL
100 _aSingh Raj Kumar Au.; Abbi Rajini Gu.
_91236420
245 0 _aProtection of Consumer's interests and Economic developmet under competition laws: A Comparative Study
260 _c2022
300 _a180p.
650 _aLaw
700 _aUniversity of Delhi. Faculty of Law. Deptt. of Law
_91236414
942 _cTH
999 _c1848917
_d1848917